|
|
|
|
| LEADER |
00000cam a22000004a 4500 |
| 001 |
musev2_40508 |
| 003 |
MdBmJHUP |
| 005 |
20230905044240.0 |
| 006 |
m o d |
| 007 |
cr||||||||nn|n |
| 008 |
141120s2015 wau o 00 0 eng d |
| 010 |
|
|
|z 2021692857
|
| 020 |
|
|
|a 9780295805931
|
| 020 |
|
|
|z 9780295994642
|
| 035 |
|
|
|a (OCoLC)910823883
|
| 040 |
|
|
|a MdBmJHUP
|c MdBmJHUP
|
| 100 |
1 |
|
|a Bowcutt, Frederica.
|
| 245 |
1 |
4 |
|a The Tanoak Tree :
|b An Environmental History of a Pacific Coast Hardwood /
|c Frederica Bowcutt ; foreword by Frank Kanawha Lake.
|
| 264 |
|
1 |
|a Seattle :
|b University of Washington Press,
|c [2015]
|
| 264 |
|
3 |
|a Baltimore, Md. :
|b Project MUSE,
|c 2015
|
| 264 |
|
4 |
|c ©[2015]
|
| 300 |
|
|
|a 1 online resource (240 pages).
|
| 336 |
|
|
|a text
|b txt
|2 rdacontent
|
| 337 |
|
|
|a computer
|b c
|2 rdamedia
|
| 338 |
|
|
|a online resource
|b cr
|2 rdacarrier
|
| 505 |
0 |
|
|a Introduction -- The beautiful tree -- Acorns -- Bark -- Weed -- Hardwood -- Plague -- Landscapes -- Partnerships -- Conclusions -- Glossary.
|
| 588 |
|
|
|a Description based on print version record.
|
| 650 |
|
7 |
|a Tanoak.
|2 fast
|0 (OCoLC)fst01737505
|
| 650 |
|
7 |
|a Hardwoods.
|2 fast
|0 (OCoLC)fst00951403
|
| 650 |
|
7 |
|a Economic history.
|2 fast
|0 (OCoLC)fst00901974
|
| 650 |
|
7 |
|a Ecology.
|2 fast
|0 (OCoLC)fst00901476
|
| 650 |
|
7 |
|a NATURE
|x Environmental Conservation & Protection.
|2 bisacsh
|
| 650 |
|
7 |
|a TECHNOLOGY & ENGINEERING
|x Agriculture
|x General.
|2 bisacsh
|
| 650 |
|
7 |
|a GARDENING
|x Fruit.
|2 bisacsh
|
| 650 |
|
6 |
|a Bois durs
|z Pacifique, Côte du (États-Unis)
|x Histoire.
|
| 650 |
|
0 |
|a Tanoak
|x Ecology
|z Pacific Coast (U.S.)
|
| 650 |
|
0 |
|a Hardwoods
|z Pacific Coast (U.S.)
|x History.
|
| 650 |
|
0 |
|a Tanoak
|z Pacific Coast (U.S.)
|x History.
|
| 651 |
|
7 |
|a United States
|z Pacific Coast.
|2 fast
|0 (OCoLC)fst01243522
|
| 651 |
|
6 |
|a Pacifique, Côte du (États-Unis)
|x Conditions economiques.
|
| 651 |
|
6 |
|a Pacifique, Côte du (États-Unis)
|x Conditions environnementales.
|
| 651 |
|
0 |
|a Pacific Coast (U.S.)
|x Economic conditions.
|
| 651 |
|
0 |
|a Pacific Coast (U.S.)
|x Environmental conditions.
|
| 655 |
|
7 |
|a History.
|2 fast
|0 (OCoLC)fst01411628
|
| 655 |
|
0 |
|a Electronic book.
|
| 655 |
|
7 |
|a Electronic books.
|2 local
|
| 710 |
2 |
|
|a Project Muse.
|e distributor
|
| 830 |
|
0 |
|a Book collections on Project MUSE.
|
| 856 |
4 |
0 |
|z Texto completo
|u https://projectmuse.uam.elogim.com/book/40508/
|
| 945 |
|
|
|a Project MUSE - Custom Collection
|
| 945 |
|
|
|a Project MUSE - 2015 Ecology and Evolution
|
| 945 |
|
|
|a Project MUSE - 2015 Complete
|